| 000 | 00891mam a2200277 4500 | ||
|---|---|---|---|
| 001 | 2442 | ||
| 003 | BD-RjUL | ||
| 005 | 20211208233543.0 | ||
| 008 | 160623s19641954nyua b 001 0 eng | ||
| 035 | _a(OCoLC)ocm00601822 | ||
| 035 | _a(BD-RjUL)2469 | ||
| 035 | _a(NNC)1739354 | ||
| 040 |
_aDLC _cURB _dSER _dUKM _dBD-RjUL _beng |
||
| 041 | _aeng | ||
| 082 | 0 | 0 |
_a332.1 _bBAN 1964 |
| 245 | 0 | 0 |
_aBanking systems / _cedited by Benjamin Haggott Beckhart. |
| 260 |
_aNew York : _bColumbia University Press, _c1954 [Printing 1954-1964]. |
||
| 300 |
_axviii, 934 p. : _bill. ; _c25 cm. |
||
| 500 | _a"A successor volume to Foreign banking systems [edited by H.P. Willis and B.H. Beckhart]" | ||
| 504 | _aIncludes bibliographies. | ||
| 504 | _aIncludes index. | ||
| 650 | 0 |
_aBanks and banking. _97920 |
|
| 700 | 1 |
_aBeckhart, Benjamin Haggott. _97921 |
|
| 942 |
_2ddc _cBK |
||
| 999 |
_c2442 _d2442 |
||